000 01990cam a2200313 4500500
005 20251228051229.0
041 _afre
042 _adc
100 1 0 _aDeboves, Pauline
_eauthor
245 0 0 _aLes neuroleptiques : une réponse à l’angoisse... de l’institution ?
260 _c2015.
500 _a29
520 _aL’auteur propose une réflexion éthique concernant la prescription des neuroleptiques pour des sujets atteints de maladie d’Alzheimer, interrogeant le fait que ces traitements pourraient avant tout être mis en place pour répondre à la souffrance des différents acteurs de l’institution. En suivant les recommandations des autorités de santé publique, l’auteur promeut la prise en charge non médicamenteuse des troubles du comportement, notamment par le travail autour de la sensorialisation de l’environnement.
520 _aNeuroleptics : a response to the anxiety... of the institution ?The author develops an ethical thought around the prescription of neuroleptics for patients suffering from Alzheimer’s disease, questioning the fact that these treatments could be prescribed in order to respond to the torment of the institution’s various actors. Following the public health authorities’ recommendations, the author promotes non medical treatments of behavioral disorders, in particular the work around the sensorialisation of the environment.
690 _aenvironnement
690 _amaladie d’Alzheimer
690 _asensorialisation
690 _asoignant
690 _atechniques non médicamenteuses
690 _atroubles du comportement
690 _aAlzheimer’s disease
690 _abehavioral disorders
690 _acaregiver
690 _aenvironment
690 _anon medical treatments
690 _asensorialisation
786 0 _nCliniques | 9 | 1 | 2015-03-03 | p. 150-164 | 2115-8177
856 4 1 _uhttps://shs.cairn.info/revue-cliniques-2015-1-page-150?lang=fr&redirect-ssocas=7080
999 _c1581459
_d1581459